| 000 | 00726nam a2200217 i 4500 | ||
|---|---|---|---|
| 001 | 169602 | ||
| 003 | ES-MaACL | ||
| 005 | 20230906214135.0 | ||
| 008 | 081022s1956 sp f |||| |dspa d | ||
| 080 | _a821.134.2-14"19" | ||
| 100 | 1 |
_aMontero, Vicente G. _9138736 |
|
| 245 | 1 | 0 |
_aSeis poetas contemporáneos / _cpor Vicente G. Montero. |
| 250 | _a2ª ed. | ||
| 260 |
_aMadrid : _bPublicaciones Españolas, _c1956. |
||
| 300 |
_a30 p., [4] p. de lám. ; _c25 cm. |
||
| 490 | 1 |
_aTemas españoles ; _v31 |
|
| 650 | 4 |
_aPoesía española- _yS.XX- _xHistoria y crítica. _916167 |
|
| 830 | 0 |
_aTemas españoles ; _v31 _9178712 |
|
| 852 |
_aES-MaACL _j2236-F-9 _z. - Biblioteca Jacinto Martínez Lacalle |
||
| 999 |
_c169602 _d169602 |
||